[Event "Oslo Chess Festival 2017"]
[Site "Oslo"]
[Date "2017.10.04"]
[Round "7"]
[White "Vovk, Andriy"]
[Black "Bartholomew, John"]
[Result "1/2-1/2"]
[WhiteElo "2622"]
[BlackElo "2449"]
[Annotator "TA"]
[PlyCount "187"]
[EventDate "2017.??.??"]
[EventType "swiss"]
[EventCountry "NOR"]
[SourceTitle "playchess.com"]
[Source "ChessBase"]
[SourceQuality "1"]

{[%evp 30,187,15,20,20,7,37,37,29,26,33,44,41,0,36,22,58,33,35,0,0,-59,-58,-52,-49,-64,-32,-21,-25,-84,-84,-94,-93,-120,-110,-119,-119,-125,-122,-122,-115,-136,-130,-129,-131,-120,-125,-168,-170,-210,-210,-199,-122,-256,-216,-211,0,-231,-209,-239,-103,-103,-103,-103,-103,-103,-103,-103,-103,-103,-91,-103,-103,-100,0,-103,0,-103,-103,-103,-106,-104,0,-110,-110,-110,-110,-110,-91,-91,-91,-91,-79,-91,-74,-77,-66,-66,-59,-59,-59,-59,-59,-59,-59,-59,-59,-59,-59,-59,-59,-59,-59,-59,-59,-59,-59,-59,-59,-59,0,0,0,0,0,0,0,-6,-6,-6,0,-6,-6,-6,0,-6,-6,-6,-6,-6,-6,-6,-6,-6,0,0,0,0,0,0,0,-1557,0,0,0,0,0,0,0,0]} 1. e4 c5 2. Nf3 d6 3. d4 cxd4 4. Nxd4 Nf6 5. Nc3 Nc6 6. f3 e5 7. Nb3 Be7 8. Be3 O-O 9. Qd2 a5 10. Bb5 Be6 11. Rd1 Na7 {B56: Classical Sicilian: Unusual Lines} 12. Bd3 Nc8 13. O-O Nb6 14. Qf2 Nc4 15. Bxc4 Bxc4 16. Rfe1 {LiveBook: 15 Games} Qb8 17. a4 Rc8 18. Nd2 $1 {[%cal Bb3d2,Bd2b1,Bb1a3][%mdl 32]} Be6 19. Ndb1 Rd8 $146 20. Bb6 Rd7 21. Qe3 h6 22. Na3 Nh5 23. Nd5 Bxd5 $1 24. Rxd5 (24. exd5 {keeps more tension.} Bd8 25. c4 Qc8 26. Bxd8 Qxd8 27. b3) 24... Nf6 $1 25. Rxa5 ({Better is} 25. Rb5 $11) 25... Rxa5 $15 26. Bxa5 d5 27. Bb6 Qc8 28. Qb3 $1 Bxa3 29. Qxa3 (29. bxa3 $11 dxe4 30. fxe4) 29... Qxc2 $17 {[%cal Rd5e4]} 30. exd5 Nxd5 $40 {[%mdl 128] White is in trouble.} 31. Qc5 Qxa4 32. Qc8+ Kh7 33. Bf2 f6 34. h4 Nf4 35. b3 Qc6 36. Qxc6 bxc6 {[%mdl 4096] Endgame KRB-KRN} 37. Be3 Nd5 38. Bd2 Ra7 39. Re4 Ra2 40. Be1 Nf4 (40... h5 $19 41. Bf2 Nf4) 41. Bf2 (41. g3 $17 Nd5 42. Rc4) 41... Ra1+ 42. Kh2 Ra2 43. Kg1 Rb2 44. Rc4 {[#]} Rxb3 (44... c5 $1 $19 {and Black stays clearly on top. ...h5 is the strong threat.} 45. Be3 Nxg2 46. Bxc5 Nf4) 45. Rxc6 Rb1+ 46. Kh2 Rb2 47. Kg1 h5 48. Ra6 Kg6 49. Ra7 Kh6 50. Ra6 Rb1+ 51. Kh2 Rb2 52. Kg1 $1 Kg6 53. Ra7 $1 Rc2 54. Rb7 Rc1+ 55. Kh2 Rc2 56. Kg1 $1 Nd3 57. Be3 Re2 58. Ba7 e4 59. fxe4 Rxe4 60. g3 Re2 61. Kf1 Ra2 62. Bd4 Ra4 63. Rd7 Ne5 (63... Ra3 {seems wilder.} 64. Kg2 Nb4 65. Bc5 Rd3 66. Rb7 Nd5) 64. Bxe5 fxe5 $15 {KR-KR} 65. Kf2 Ra3 66. Rb7 Kf6 67. Rc7 g6 68. Rc4 Kf5 69. Rb4 Rd3 70. Ra4 Rd4 71. Ra6 Rb4 72. Kf3 Rb3+ 73. Kg2 Rd3 74. Rb6 e4 (74... Ra3 $15 75. Rb4 Re3) 75. Rb5+ $11 Ke6 76. Rg5 Rd2+ 77. Kf1 Kf6 78. Ke1 Rg2 79. Kf1 Rb2 (79... Rh2 {is more complex.} 80. Rb5 Rc2 81. Rg5 e3 82. Rb5 Rf2+) 80. Ke1 Rh2 81. Kf1 Ra2 82. Ke1 Rb2 83. Kf1 Rh2 84. Kg1 e3 85. Ra5 (85. Kxh2 $2 {too greedy.} e2 $19) 85... Rb2 {And now ...Rb1+ would win.} 86. Kf1 Rc2 87. Ra3 e2+ 88. Kf2 Kf5 89. Rf3+ Kg4 90. Rf4+ Kh3 {Hoping for ...Rc3.} 91. Rf6 {[#]The position is equal.} e1=Q+ $1 {[%mdl 512]} 92. Kxe1 Rg2 93. Rxg6 Rxg3 94. Rxg3+ {Precision: White = 69%, Black = 55%.} 1/2-1/2

[Event "Oslo Chess Festival 2017"]
[Site "Oslo"]
[Date "2017.10.04"]
[Round "7"]
[White "Maze, Sebastien"]
[Black "Myhrvold, Rune"]
[Result "1-0"]
[WhiteElo "2614"]
[BlackElo "2243"]
[Annotator "TA"]
[PlyCount "31"]
[EventDate "2017.??.??"]
[EventType "swiss"]
[EventCountry "NOR"]
[SourceTitle "playchess.com"]
[Source "ChessBase"]
[SourceQuality "1"]

{[%evp 10,31,15,14,10,12,10,5,7,0,-7,-22,-12,-72,-65,-81,-57,-83,0,-54,-58,-60,-38,-146]} 1. e4 e5 2. Nf3 Nc6 3. Nc3 Nf6 4. Bb5 Nd4 5. Bc4 Nxf3+ 6. Qxf3 {LiveBook: 38 Games} Bc5 {C48: Four Knights: 4 Bb5, replies other than 4...Bb4} (6... d6 7. d3 Be7 8. O-O c6 9. h3 b5 10. Bb3 O-O 11. Qe2 a5 12. a3 Nd7 13. Be3 Bg5 14. Ba2 Bxe3 15. Qxe3 {½-½ (53) Duda,J (2658)-Mamedyarov,S (2736) Berlin 2015}) 7. d3 O-O 8. h3 c6 {The position is equal.} 9. Bb3 d6 $146 ({Predecessor:} 9... a5 10. a3 d6 11. O-O Be6 12. Ba2 b5 13. Ne2 b4 14. c3 d5 15. exd5 cxd5 {0-1 (34) Kesgin,H (2127)-Koksal,E (2344) Antalya 2017}) 10. g4 Be6 11. Ne2 (11. Bg5 $11 {keeps the balance.}) 11... a5 $17 12. c3 Bxb3 13. axb3 Qd7 (13... Qb6 $17 14. Bg5 Nd7) 14. Ng3 ({Better is} 14. Bg5 $11) 14... Qe6 $15 15. Nf5 d5 ({Don't play} 15... Qxb3 $6 {[#]} 16. Nxg7 $1 {[%mdl 512]} Nd7 17. Nf5 $16) 16. Rg1 {[%mdl 32768] Precision: White = 23%, Black = 65%. . Loss on Time!?} (16. exd5 $15 Nxd5 17. O-O) 1-0

[Event "Oslo Chess Festival 2017"]
[Site "Oslo"]
[Date "2017.10.04"]
[Round "7"]
[White "Cornette, Matthieu"]
[Black "Blomqvist, Erik"]
[Result "1/2-1/2"]
[WhiteElo "2602"]
[BlackElo "2521"]
[Annotator "TA"]
[PlyCount "65"]
[EventDate "2017.??.??"]
[EventType "swiss"]
[EventCountry "NOR"]
[SourceTitle "playchess.com"]
[Source "ChessBase"]
[SourceQuality "1"]

{[%evp 14,65,14,14,22,6,54,50,53,53,50,54,53,53,52,28,42,46,57,6,7,0,13,10,8,0,8,0,9,0,43,46,50,52,54,56,65,41,39,40,53,45,59,15,31,0,0,0,0,0,0,0,0,0]} 1. e4 c5 2. Nc3 e6 3. Nf3 Nc6 4. d4 cxd4 5. Nxd4 Nf6 6. g3 d5 7. exd5 Nxd5 8. Bg2 Nxc3 {B45: Sicilian Four Knights} 9. bxc3 Nxd4 (9... Bd7 10. O-O Be7 11. Rb1 Na5 12. Nb3 Nc6 13. Be3 b6 14. c4 O-O 15. c5 Rc8 16. cxb6 axb6 {½-½ (52) Fressinet,L (2670)-Babula,V (2554) Rijeka 2010}) 10. Qxd4 Qxd4 {White is slightly better.} 11. cxd4 Bb4+ 12. Ke2 Bc3 13. Rb1 Bxd4 14. Ba3 Bb6 15. Rhd1 $146 ({Predecessor:} 15. c4 e5 16. c5 Bc7 17. Bxb7 Bxb7 18. Rxb7 Kd7 {½-½ (18) Vesselovsky,S (2392)-Biolek,R (2276) Ostrava 2006}) 15... e5 {Threatening ...Bg4+.} 16. Bd5 ({White should try} 16. Be4 $14) 16... h5 $11 17. Bd6 Rh6 18. Bxe5 Kf8 19. Kf1 Bg4 $132 {[%mdl 2048] Black is fighting back} 20. Rd2 Rd8 21. c4 h4 22. Bf4 Rh5 23. Bxb7 Rxd2 24. Bxd2 Be6 25. Rc1 Bc5 26. Bf4 hxg3 27. hxg3 Ke7 28. Ke2 Bb6 29. Be4 Ra5 {The position is equal.} 30. Bb1 Bc5 31. Be3 Kd6 32. Bf4+ Kc6 33. Be4+ {Precision: White = 52%, Black = 55%.} 1/2-1/2

[Event "Oslo Chess Festival 2017"]
[Site "Oslo"]
[Date "2017.10.04"]
[Round "7"]
[White "Chatalbashev, Boris"]
[Black "Pigott, John C"]
[Result "1-0"]
[WhiteElo "2537"]
[BlackElo "2408"]
[Annotator "TA"]
[PlyCount "93"]
[EventDate "2017.??.??"]
[EventType "swiss"]
[EventCountry "NOR"]
[SourceTitle "playchess.com"]
[Source "ChessBase"]
[SourceQuality "1"]

{[%evp 17,93,31,32,0,0,10,8,0,-1,-26,0,0,0,0,0,-129,-148,-130,-135,-136,-135,-312,-149,-121,8,8,8,8,8,8,9,9,9,8,9,22,45,53,90,-45,0,0,0,0,0,0,0,0,10,0,168,168,173,180,271,271,251,264,271,271,271,270,264,260,252,244,264,249,12848,12848,5057,5057,4956,4943,4606,1765,956,508]} 1. c4 g6 2. Nc3 Bg7 3. d4 Nf6 4. e4 d6 5. Be2 O-O 6. Bg5 c5 7. d5 a6 8. a4 h6 9. Bf4 e6 10. dxe6 {E74: King's Indian: Averbakh Variation: 6...c5} (10. Nf3 exd5 11. cxd5 Bg4 12. O-O Nh5 13. Be3 Nf6 14. Nd2 Bxe2 15. Qxe2 Nbd7 16. Bf4 Ne8 17. Nc4 Nb6 18. Ne3 Nd7 19. Ra3 Ne5 20. Rb3 {1-0 (49) Mamedyarov,S (2736)-Bacrot,E (2697) Skopje 2015}) 10... Bxe6 11. Bxd6 Re8 12. Bxc5 {The position is equal.} Nbd7 13. Bd6 $146 ({Predecessor:} 13. Bd4 Qa5 14. Kf1 Ne5 15. b4 Qc7 16. Nd5 Bxd5 17. exd5 Nxc4 {½-½ (47) Rain,R (2384)-Deforel,J (2327) ICCF email 2006}) 13... Qa5 {Threatens to win with ...Nxe4.} 14. b4 Qb6 $36 {[%mdl 2048] Black is more active.} 15. Rc1 a5 16. c5 (16. b5 $1 $11 {remains equal.}) 16... Qxb4 $17 17. c6 Nc5 18. Bxc5 Qxc5 19. cxb7 $2 (19. Nf3 $17 bxc6 20. Nd5) 19... Rad8 (19... Ng4 $1 $19 {and Black stays clearly on top.} 20. Bxg4 Bxc3+ 21. Kf1 Rad8) 20. Qc2 {[#]} Nxe4 ({Black should try} 20... Bb3 $1 $17 {[%cal Rb3c2]} 21. Qb1 Qb4) 21. Nxe4 $11 (21. Qxe4 $2 Bd5 $19) 21... Qb4+ 22. Kf1 {aiming for Rb1.} Bb3 $1 {[%cal Rb3c2]} 23. Qb1 $1 ({Don't go for} 23. Qc8 $2 Qxe4 24. Bf3 Qxa4 $19) 23... Rxe4 24. Rc8 Ree8 $1 {[#]} 25. b8=Q $1 {[%mdl 512]} Qxb8 26. Rxb8 Rxb8 27. f3 Rb4 28. Bd3 (28. g4 $16) 28... Bxa4 29. Qa2 {Strongly threatening Qd5.} Rd8 30. Be2 $1 ({Wrong is} 30. Bxg6 $2 Rd1+ 31. Ke2 Rb2+ 32. Qxb2 Bxb2 $19) 30... Bc3 31. g4 Rd2 32. Qa3 Bd4 33. Kg2 Bb5 $2 (33... Kg7 $1 $11 {and Black stays safe.}) 34. Qxa5 $18 Rbb2 35. Kh3 Bxg1 (35... Be5 $142) 36. Bxb5 ({Stronger than} 36. Rxg1 Rxe2 37. Qc7 g5 $11) 36... Bxh2 37. Qxd2 Rxd2 38. Rxh2 {[%mdl 4096] Endgame KRB-KR} Rd5 39. Bc4 Rc5 40. Rc2 Kg7 41. f4 {[%cal Bf3f4,Bf4f5][%mdl 32]} h5 42. g5 f6 $2 (42... Rc7 43. Kh4 Rc5) 43. Bd3 {White is clearly winning.} Rd5 44. Rc7+ Kh8 45. Bxg6 fxg5 46. f5 {Threatening mate with f6.} Rd3+ 47. Kg2 {Precision: White = 67%, Black = 43%.} 1-0

[Event "Oslo Chess Festival 2017"]
[Site "Oslo"]
[Date "2017.10.04"]
[Round "7"]
[White "Li, Di"]
[Black "Gajewski, Grzegorz"]
[Result "1-0"]
[WhiteElo "2459"]
[BlackElo "2630"]
[Annotator "TA"]
[PlyCount "47"]
[EventDate "2017.??.??"]
[EventType "swiss"]
[EventCountry "NOR"]
[SourceTitle "playchess.com"]
[Source "ChessBase"]
[SourceQuality "1"]

{[%evp 17,47,12,31,23,31,12,10,10,13,-21,-8,-14,-7,-23,0,0,0,-25,0,-18,-25,-39,56,80,62,69,52,58,58,43,237,217]} 1. d4 Nf6 2. Nf3 d5 3. c4 e6 4. g3 Bb4+ 5. Bd2 Be7 6. Bg2 O-O 7. O-O Nbd7 8. Qc2 c6 9. Rd1 Ne4 10. Bf4 {E11: Bogo-Indian} f5 (10... g5 11. Be3 f5 12. Nc3 Nd6 13. b3 Bf6 14. Qc1 h6 15. h4 Nf7 16. hxg5 hxg5 17. Na4 Qe7 {1-0 (36) Giri,A (2771)-Carlsen,M (2832) Leuven 2017}) 11. b3 g5 12. Bc1 {The position is equal.} b5 $146 ({Predecessor:} 12... h5 13. Ba3 Bxa3 14. Nxa3 h4 15. Qc1 {½-½ (15) Giddins,S (2286)-Peelen,P (2359) Amsterdam 2001}) 13. cxb5 cxb5 14. Qc6 Qb6 15. Qxb6 axb6 (15... Nxb6 {feels hotter.} 16. Ne5 a5 17. a4 b4 18. f3 Nd6) 16. Ne1 b4 {[%cal Bb5b4,Bb4c3][%mdl 32]} 17. f3 Nc3 18. Nxc3 bxc3 19. Nc2 f4 (19... b5 $15) 20. Bh3 $1 $14 e5 21. dxe5 Nxe5 22. Bxc8 Raxc8 23. Rxd5 Bc5+ $2 {[#]} (23... Ng6 $14) 24. Kf1 $1 {Precision: White = 58%, Black = 45%.} 1-0

[Event "Oslo Chess Festival 2017"]
[Site "Oslo"]
[Date "2017.10.04"]
[Round "7"]
[White "Notkevich, Benjamin Arvola"]
[Black "Nielsen, Andre"]
[Result "1-0"]
[WhiteElo "2458"]
[BlackElo "2162"]
[Annotator "TA"]
[PlyCount "45"]
[EventDate "2017.??.??"]
[EventType "swiss"]
[EventCountry "NOR"]
[SourceTitle "playchess.com"]
[Source "ChessBase"]
[SourceQuality "1"]

{[%evp 19,45,-12,44,-99,28,-20,182,177,168,178,224,217,222,230,222,210,225,225,221,215,349,343,409,402,516,515,512,509]} 1. e4 e5 2. Nf3 Nc6 3. d4 exd4 4. Nxd4 Nf6 5. Nxc6 bxc6 6. e5 Qe7 7. Qe2 Nd5 8. c4 Ba6 9. b3 g6 10. f4 Bg7 (10... d6 $11) 11. Qe4 {C45: Scotch Game} (11. Qf2 $1 $14 {was forced to keep a grip.} Nb4 12. Bb2 (12. a3 Bxe5 13. fxe5 Qxe5+ 14. Qe2 Nc2+ 15. Kf2 Qxe2+ 16. Bxe2 Nxa1 $14)) (11. Qf2 Nf6 12. Ba3 d6 13. Nc3 O-O 14. O-O-O Ne8 15. g3 Bb7 16. Bg2 f6 17. exd6 Nxd6 18. c5 Nf5 19. Rhe1 Qf7 20. Bf1 Rfd8 21. Rxd8+ Rxd8 22. Bc4 Rd5 23. Qe2 {1-0 (23) Nepomniachtchi,I (2740)-Tomashevsky,E (2731) Moscow 2016}) 11... Qc5 $146 (11... f5 $17 12. Qf3 Nb4) 12. Nd2 Nxf4 $2 (12... f5 $1 $11 {and Black is okay.} 13. exf6+ Kf7) 13. Qxf4 $18 {White is clearly better.} Bxe5 {[#]} 14. Ba3 $1 Qa5 15. Bb4 $1 Bxf4 16. Bxa5 $40 {[%mdl 128] White is out for blood.} O-O-O 17. O-O-O Rhe8 18. Kc2 c5 19. Bd3 {Threatens to win with Rhf1.} d5 (19... f5 {was necessary.} 20. Rhf1 Bd6) 20. Rhf1 Bxh2 21. Rxf7 Rd7 22. Rxd7 Kxd7 23. Rh1 {Precision: White = 56%, Black = 24%.} 1-0

[Event "Oslo Chess Festival 2017"]
[Site "Oslo"]
[Date "2017.10.04"]
[Round "7"]
[White "Haug, Johannes"]
[Black "Zhao, Shengxin"]
[Result "1-0"]
[WhiteElo "2379"]
[BlackElo "2113"]
[Annotator "NA"]
[PlyCount "57"]
[EventDate "2017.??.??"]
[EventType "swiss"]
[EventCountry "NOR"]
[SourceTitle "playchess.com"]
[Source "ChessBase"]
[SourceQuality "1"]
[TimeControl "5400+30"]

1. e4 {[%emt 0:00:41]} c5 {[%emt 0:01:43]} 2. Nf3 {[%emt 0:00:09]} d6 {[%emt 0:00:02]} 3. Bb5+ {[%emt 0:00:06]} Bd7 {[%emt 0:03:34]} 4. Bxd7+ {[%emt 0:00:20]} Qxd7 {[%emt 0:00:03]} 5. d4 {[%emt 0:00:17]} cxd4 {[%emt 0:00:22]} 6. Qxd4 {[%emt 0:00:06]} Nc6 {[%emt 0:00:57]} 7. Qd3 {[%emt 0:00:07]} e5 {[%emt 0:07:10]} 8. O-O {[%emt 0:01:47]} Be7 {[%emt 0:04:14]} 9. Rd1 {[%emt 0:02:19]} h6 {[%emt 0:00:43]} 10. b3 {[%emt 0:11:40]} Nf6 {[%emt 0:05:02]} 11. c4 {[%emt 0:00:33]} O-O {[%emt 0:00:48]} 12. Nc3 {[%emt 0:00:53]} Qe6 {[%emt 0:05:03]} 13. Nd5 {[%emt 0:10:52]} Rad8 {[%emt 0:08:43]} 14. Ba3 {[%emt 0:06:36]} Ne8 $16 {[%emt 0:03:58]} 15. c5 dxc5 {[%emt 0:02:04]} 16. Qb5 {[%emt 0:08:25]} Bd6 {[%emt 0:03:30]} 17. Bxc5 {[%emt 0:16:11]} Bxc5 {[%emt 0:10:53]} 18. Qxc5 {[%emt 0:00:13]} Nd6 {[%emt 0:00:44]} 19. Nc3 {[%emt 0:01:15]} Rd7 {[%emt 0:01:55]} 20. Rd2 {[%emt 0:12:19]} Rfd8 {[%emt 0:03:34]} 21. Rad1 {[%emt 0:01:47]} f6 {[%emt 0:03:35]} 22. h3 {[%emt 0:01:17]} Ne8 {[%emt 0:03:31]} 23. Nd5 {[%emt 0:01:25]} Nd6 {[%emt 0:00:31]} 24. Nc3 {[%emt 0:00:45]} Ne8 {[%emt 0:00:38]} 25. Nd5 {[%emt 0:01:08]} Nd6 {[%emt 0:00:23]} 26. Qc2 {[%emt 0:03:05]} Nb5 {[%emt 0:01:50]} 27. Qc4 {[%emt 0:00:54]} Nbd4 {[%emt 0:05:31]} 28. Nxd4 {[%emt 0:01:02]} Nxd4 {[%emt 0:00:22]} 29. Nxf6+ {[%emt 0:00:47]} 1-0

[Event "Oslo Chess Festival 2017"]
[Site "Oslo"]
[Date "2017.10.04"]
[Round "7"]
[White "Devereaux, Maxim L"]
[Black "Urkedal, Frode"]
[Result "1/2-1/2"]
[WhiteElo "2357"]
[BlackElo "2570"]
[Annotator "TA"]
[PlyCount "100"]
[EventDate "2017.??.??"]
[EventType "swiss"]
[EventCountry "NOR"]
[SourceTitle "playchess.com"]
[Source "ChessBase"]
[SourceQuality "1"]

{[%evp 24,100,0,0,0,0,0,-6,0,-18,0,-6,0,-2,0,0,0,0,0,0,0,0,0,0,39,0,8,0,0,0,0,0,8,4,6,7,7,0,0,0,0,0,0,0,0,0,0,0,0,0,0,0,0,0,0,0,0,0,0,0,0,0,0,0,0,0,0,0,0,0,0,0,0,-6,0,0,0,0,0]} 1. d4 Nf6 2. c4 e6 3. Nc3 Bb4 4. e3 O-O 5. Nge2 d5 6. a3 Bd6 7. c5 Be7 8. b4 b6 9. Bb2 {E46: Nimzo-Indian: Rubinstein: 4 e3 0-0 5 Ne2 without early Bd3} c6 (9... a5 10. Nf4 axb4 11. axb4 Rxa1 12. Qxa1 Nc6 13. Nd3 bxc5 14. bxc5 Ne4 15. Be2 Bd7 16. f3 Nxc3 17. Bxc3 {½-½ (50) So,W (2779)-Topalov,V (2816) Saint Louis 2015}) 10. Nf4 a5 11. Be2 Nbd7 12. Nd3 Ba6 13. O-O {LiveBook: 10 Games} Bc4 14. Qc2 Qc7 15. Rfb1 Rfb8 16. h3 $146 ({Predecessor:} 16. Bc1 e5 17. Nxe5 Nxe5 18. dxe5 Qxe5 {1-0 (48) Vasile,C (2172)-Beltins,G (1901) ICCF email 2013}) 16... Ra7 17. Ne5 Bxe2 (17... Nxe5 {with more complications.} 18. dxe5 Nd7 19. Bxc4 axb4 20. cxb6 Nxb6 21. Bd3 bxc3 22. Bxh7+ Kh8) 18. Nxd7 Nxd7 19. Nxe2 Rab7 20. Bc3 axb4 21. axb4 g6 22. Nf4 bxc5 23. bxc5 e5 {[#] Strongly threatening ...Rxb1+.} (23... Rxb1+ {is interesting.} 24. Rxb1 Rxb1+ 25. Qxb1 e5 26. Nd3 exd4 27. Bxd4 h5) 24. Nd3 (24. Rxb7 {is more complex.} Qxb7 25. dxe5 Bxc5 26. Bd4 Bxd4 27. exd4 Nb6 28. Rb1) 24... exd4 {The position is equal.} 25. Bxd4 Rxb1+ 26. Rxb1 Rxb1+ 27. Qxb1 Qa7 28. Qb2 f6 29. g3 Kf7 30. Kg2 Qa6 31. Qb3 Qc4 32. Qb7 {[#] Nb2 is the strong threat.} Qxd3 33. Qxd7 Qe4+ 34. Kg1 Qe6 35. Qb7 h5 36. h4 g5 37. hxg5 fxg5 38. Qb1 Qe4 39. Qd1 h4 40. Qh5+ Qg6 41. Qxg6+ Kxg6 $11 {[%mdl 4096] Endgame KB-KB} 42. g4 Bd8 43. Kg2 Bc7 44. Bc3 Kf7 45. Bd4 Ke6 46. Kh3 Be5 47. Kg2 Bc7 48. Kh3 Ba5 49. f4 Bd8 50. f5+ Kf7 {Precision: White = 67%, Black = 71%.} 1/2-1/2

[Event "Oslo Chess Festival 2017"]
[Site "Oslo"]
[Date "2017.10.04"]
[Round "7"]
[White "Chu, Wei Chao"]
[Black "Xu, Yi"]
[Result "1/2-1/2"]
[WhiteElo "2340"]
[BlackElo "2439"]
[Annotator "TA"]
[PlyCount "35"]
[EventDate "2017.??.??"]
[EventType "swiss"]
[EventCountry "NOR"]
[SourceTitle "playchess.com"]
[Source "ChessBase"]
[SourceQuality "1"]

{[%evp 34,35,15,0]} 1. d4 e6 2. c4 Nf6 3. Nf3 d5 4. g3 Be7 5. Bg2 O-O 6. O-O dxc4 7. Ne5 Nc6 8. Bxc6 bxc6 9. Nxc6 Qe8 10. Nxe7+ Qxe7 11. Qa4 e5 12. dxe5 Qxe5 13. Qxc4 Be6 {E05: Open Catalan: 5 Nf3 Be7} 14. Qc2 Bf5 {[#]} 15. Qc4 $146 ({Predecessor:} 15. Qd2 Rfe8 16. Re1 Bg4 17. Qg5 Qxg5 18. Bxg5 Bxe2 19. Bxf6 gxf6 {½-½ (149) Bu,X (2681)-Jakovenko,D (2744) Tsaghkadzor 2015}) 15... Be6 16. Qc2 Bf5 17. Qc4 Be6 18. Qc2 {LiveBook: 51 Games} 1/2-1/2

[Event "Oslo Chess Festival 2017"]
[Site "Oslo"]
[Date "2017.10.04"]
[Round "7"]
[White "Risting, Eivind Olav"]
[Black "Stany, G A"]
[Result "1/2-1/2"]
[WhiteElo "2335"]
[BlackElo "2491"]
[Annotator "TA"]
[PlyCount "22"]
[EventDate "2017.??.??"]
[EventType "swiss"]
[EventCountry "NOR"]
[SourceTitle "playchess.com"]
[Source "ChessBase"]
[SourceQuality "1"]

{[%evp 10,22,5,16,19,19,20,22,14,21,12,9,30,17,36]} 1. c4 e5 2. g3 Nf6 3. Bg2 d5 4. cxd5 Nxd5 5. Nc3 Nb6 6. e3 Nc6 {[%cal Bb8c6,Bc6b4,Bb4d3,Bd3c1][%mdl 32] A22: English Opening: 1...e5 2 Nc3 Nf6} 7. Nge2 g6 (7... h5 8. h3 h4 9. g4 f5 10. d4 exd4 11. exd4 fxg4 12. Qd3 Qf6 13. Ne4 Bb4+ 14. Bd2 {0-1 (46) Caruana,F (2804)-Vachier Lagrave,M (2789) Paris 2016}) 8. b3 Nb4 {Threatens to win with ...Bf5.} 9. O-O Nd3 10. f4 Nxc1 $146 ({Predecessor:} 10... exf4 11. Nxf4 Nxc1 12. Qxc1 Bg7 13. Qa3 Bxc3 14. dxc3 {1-0 (34) Shabalov,A (2553)-Schmakel,S (2127) Vancouver 2012}) 11. Qxc1 Bg7 1/2-1/2

[Event "Oslo Chess Festival 2017"]
[Site "Oslo"]
[Date "2017.10.04"]
[Round "7"]
[White "Mikalsen, Erlend"]
[Black "Bruaset, Eivind"]
[Result "1-0"]
[WhiteElo "2322"]
[BlackElo "2012"]
[Annotator "NA"]
[PlyCount "85"]
[EventDate "2017.??.??"]
[EventType "swiss"]
[EventCountry "NOR"]
[SourceTitle "playchess.com"]
[Source "ChessBase"]
[SourceQuality "1"]
[TimeControl "5400+30"]

1. e4 {[%emt 0:00:00]} e6 {[%emt 0:00:06]} 2. d4 {[%emt 0:00:03]} d5 {[%emt 0:00:04]} 3. Nc3 {[%emt 0:00:03]} Bb4 {[%emt 0:00:06]} 4. e5 {[%emt 0:00:03]} c5 {[%emt 0:00:07]} 5. a3 {[%emt 0:00:02]} Bxc3+ {[%emt 0:00:06]} 6. bxc3 {[%emt 0:00:03]} Qa5 {[%emt 0:00:08]} 7. Bd2 {[%emt 0:00:04]} Qa4 {[%emt 0:00:04]} 8. Qg4 {[%emt 0:00:03]} Kf8 {[%emt 0:00:09]} 9. Nf3 {[%emt 0:00:03]} Ne7 {[%emt 0:00:38]} 10. Be2 {[%emt 0:00:33] C18: French: 3 Nc3 Bb4: Main line: 7 h4 and 7 Qg4} (10. h3 Nd7 11. Bd3 c4 12. Be2 Qxc2 13. O-O h6 14. Rfe1 Qe4 15. Qxe4 dxe4 16. Nh2 Nb6 17. a4 Bd7 {1-0 (60) Motylev,A (2660)-Kovalenko,I (2667) Poikovsky 2016}) 10... b6 {[%emt 0:00:29]} 11. O-O {[%emt 0:19:51]} Ba6 {[%emt 0:01:52]} 12. Bd3 {[%emt 0:05:36]} Bxd3 {[%emt 0:01:16]} 13. cxd3 {[%emt 0:00:04]} c4 {[%emt 0:00:09]} 14. dxc4 $146 {[%emt 0:01:04]} ({Predecessor:} 14. Ng5 h6 15. Qh5 g6 16. Qh4 Nd7 17. Nf3 Nf5 {0-1 (62) Ferreira,J (2317)-Sandstroem,L (2345) ICCF email 2013}) 14... Qxc4 {[%emt 0:00:08]} 15. Qh5 {[%emt 0:17:24]} h6 {[%emt 0:35:08]} 16. Ng5 {[%emt 0:12:41]} g6 {[%emt 0:01:00]} 17. Qh4 {[%emt 0:00:02]} Nd7 {[%emt 0:07:53]} 18. Nf3 {[%emt 0:01:22]} Nf5 {[%emt 0:00:54]} 19. Qh3 {[%emt 0:00:16]} Kg7 {[%emt 0:01:50]} 20. g4 {[%emt 0:00:26]} Ne7 {[%emt 0:00:41]} 21. Qg3 {[%emt 0:00:20]} Rag8 {[%emt 0:09:28]} 22. Nh4 {[%emt 0:01:33]} Kf8 {[%emt 0:01:42]} 23. Ng2 {[%emt 0:00:22]} h5 {[%emt 0:12:05]} 24. h3 {[%emt 0:00:12]} hxg4 {[%emt 0:01:05]} 25. hxg4 {[%emt 0:00:07]} Rh7 {[%emt 0:01:01]} 26. Bg5 {[%emt 0:02:48]} Ke8 {[%emt 0:24:18]} 27. Nh4 {[%emt 0:09:31]} b5 {[%emt 0:07:48]} 28. Kg2 {[%emt 0:02:03]} Qe2 $16 {[%emt 0:06:01]} (28... Nc6 $11 {remains equal.}) 29. Rfe1 {[%emt 0:01:39]} Qc2 {[%emt 0:00:57]} 30. Rac1 {[%emt 0:00:24]} Qa4 {[%emt 0:01:04]} 31. Rh1 {[%emt 0:00:08]} Rgh8 {[%emt 0:01:06]} 32. Bf6 {[%emt 0:01:48]} Nxf6 {[%emt 0:04:58]} 33. exf6 {[%emt 0:00:04]} Nc8 {[%emt 0:00:08]} 34. Nf3 {[%emt 0:04:29]} Rxh1 {[%emt 0:03:12]} 35. Rxh1 {[%emt 0:01:27]} Rxh1 {[%emt 0:00:02]} 36. Kxh1 {[%emt 0:00:06]} Qc4 {[%emt 0:03:43]} 37. Kg2 {[%emt 0:06:38]} Qc6 {[%emt 0:02:06]} 38. Qb8 {[%emt 0:03:08]} Kd8 {[%emt 0:00:36]} 39. Ne5 {[%emt 0:00:08]} Qe8 {[%emt 0:00:02]} 40. g5 {[%emt 0:00:44]} a6 {[%emt 0:01:26]} 41. Qb7 {[%emt 0:00:27]} Nd6 {[%emt 0:01:18]} 42. Qb6+ {[%emt 0:00:17]} Kc8 {[%emt 0:00:05]} 43. Qxd6 {[%emt 0:00:06]} 1-0